| 000 | 00968cam a2200325i 4500 | ||
|---|---|---|---|
| 999 |
_c200448215 _d66427 |
||
| 001 | 200448215 | ||
| 003 | TR-AnTOB | ||
| 005 | 20260223113606.0 | ||
| 007 | ta | ||
| 008 | 220321s1967 nju 000 0 eng d | ||
| 010 | _a 67013124 | ||
| 040 |
_aDLC _cCarP _dDLC _beng _erda |
||
| 041 | 0 | _aeng | |
| 050 | 0 | 0 |
_aHC106.5 _b.C34 1967 |
| 090 |
_aTOBBK HC106.5 _b.C34 1967 |
||
| 100 | 1 |
_aCaves, Richard E. _eauthor _922730 |
|
| 245 | 1 | 0 |
_aAmerican industry: structure, conduct, performance / _cRichard Caves |
| 250 | _aSecond edition | ||
| 264 | 1 |
_aEnglewood Cliffs, N.J. : _bPrentice-Hall, _c[1967] |
|
| 300 |
_aviii, 120 pages ; _c23 cm |
||
| 336 |
_atext _btxt _2rdacontent |
||
| 337 |
_aunmediated _bn _2rdamedia |
||
| 338 |
_avolume _bnc _2rdacarrier |
||
| 504 | _aBIBINDX | ||
| 650 | 0 |
_aIndustries _zUnited States _970082 |
|
| 650 | 0 |
_aRestraint of trade _zUnited States. _919681 |
|
| 942 |
_2z _cBK |
||